LEADER 00956cam0-2200337---450- 001 990005857000403321 005 20160516160748.0 010 $a88-342-4002-2 035 $a000585700 035 $aFED01000585700 035 $a(Aleph)000585700FED01 035 $a000585700 100 $a19990604d1989----km-y0itay50------ba 101 0 $aita 102 $aIT 105 $a--------001yy 200 1 $a<>picaro nella cultura europea$fa cura di Italo Michele Battafarano e Pietro Taravacci 210 $aTrento$cLuigi Reverdito$d1989 215 $a333 p.$d22 cm 225 1 $aApollo 610 0 $aRomanzi picareschi 676 $a809.387$v22$zita 702 1$aBattafarano,$bItalo Michele 702 1$aTaravacci,$bPietro 801 0$aIT$bUNINA$gRICA$2UNIMARC 901 $aBK 912 $a990005857000403321 952 $a809.387 BAT 1$bDip.f.m.4819$fFLFBC 959 $aFLFBC 996 $aPICARO nella cultura europea$9565618 997 $aUNINA LEADER 01345nam0 22003733i 450 001 RMG0157046 005 20251003044338.0 010 $a8814137722 100 $a20081006d2007 ||||0itac50 ba 101 | $aita 102 $ait 181 1$6z01$ai $bxxxe 182 1$6z01$an 200 1 $aˆLa ‰potestà dei genitori$erapporti patrimoniali$fFrancesco Ruscello 210 $aMilano$cGiuffrè$d2007 215 $aX, 240 p.$d25 cm. 225 | $aˆIl ‰Codice civile.$i Commentario 312 $aTit. sul dorso: Artt. 320-323$9RMG0157051 410 0$1001CFI0051308$12001 $aˆIl ‰Codice civile.$i Commentario 517 1 $aArtt. 320-323$9RMG0157051 606 $aPatria potestà$2FIR$3CFIC001463$9I 676 $a346$9Diritto privato$v12 676 $a346$9DIRITTO PRIVATO$v21 676 $a346.017$9$v21 676 $a346.45017$9FILIAZIONE. ITALIA$v21 700 1$aRuscello$b, Francesco$3CFIV050997$4070$0437918 801 3$aIT$bIT-000000$c20081006 850 $aIT-BN0095 $aIT-NA0070 901 $bNAP 01$cCOM $n$ 912 $aRMG0157046 950 0$aBiblioteca Centralizzata di Ateneo$d 01COM (C) 346.45 COM SCH$e 01C 0800206325 VMA 1 v.$fB $h20130529$i20130529 977 $a 01$a BU 996 $aPotestà dei genitori$966476 997 $aUNISANNIO